| 000 | 00361nam a2200145Ia 4500 | ||
|---|---|---|---|
| 008 | 191201s2019 xx 000 0 und d | ||
| 082 | _a519.1 AGL | ||
| 100 | _aAgarwal, Sanjay Kumar | ||
| 245 | 0 | _aLecture Notes on Statistics | |
| 250 | _a2nd | ||
| 260 |
_bAITBS Pub. _aNew Delhi _c2019 |
||
| 300 | _a352 | ||
| 650 | _aMathematics/Statiatics | ||
| 942 |
_2ddc _cBK |
||
| 999 |
_c8375 _d8375 |
||